LEADER 01407nam a2200313 i 4500 001 000000169409 003 CaOOAMICUS 005 20080218000000.0 008 080218s2007 it u000 u ita u 013 $a146812 020 $a978-88-514-0437-6 040 $aSeMil$bita 245 10$aCome Chiara e Francesco :$bstorie di amicizie spirituali /$ca cura di Maria Chiaia e Franco Incampo. 260 $aMilano :$bÀncora,$ccopyr. 2007. 300 $a240 p. ;$c21 cm. 490 0 $aA due voci 600 04$aChiara : d'Assisi .$0(OLS)http://semarc/subject/7962 600 04$aFrancesco : d'Assisi .$0(OLS)http://semarc/subject/1416 650 4$aAmicizie - Storie.$0(OLS)http://semarc/subject/32277 650 4$aAmicizia - Concezione cristiana.$0(OLS)http://semarc/subject/32278 700 1 $aIncampo, Franco.$0(OLS)http://semarc/name/63502 700 1 $aChiaia, Maria.$0(OLS)http://semarc/name/45266 830 0$aA due voci.$0(OLS)http://semarc/title/771 850 $aSeMil 852 $aSeMil$W1$xVenegono$y1$m3H II 397$j120345$B120345$CSeMilBibl$Z2$F133415 $81 961 $aOmaggio: Como don Giuseppe 996 $6020$a978-88-514-0437-6$9(OLS)http://semarc/number/156271 996 $6245$aCome Chiara e Francesco :$bstorie di amicizie spirituali$9(OLS)http://semarc/title/242247 996 $6260$aMilano :$bÀncora$9(OLS)http://semarc/publisher/29763 LEADER 01083nam a2200241 i 4500 001 000000245154 003 CaOOAMICUS 005 20150924000000.0 008 150924s1938 it u000 u ita u 013 $a224059 040 $aSeMil$bita 100 1 $aMonticone, Severino.$0(OLS)http://semarc/name/36784 245 13$aUn povero grand'uomo (Alessandro Manzoni) /$cP. Prof. Severino Monticone. 260 $aFirenze :$bLibreria Editrice Fiorentina,$c1938. 300 $aIV, 304 p., [50] p. di tav. :$bill. ;$c26 cm. 500 $aGenealogia della famiglia Manzoni. - In mezzo al front : Con 50 tavole fuori testo. - Fondo card. Giovanni Colombo. 600 14$aManzoni, Alessandro <1785-1873>.$0(OLS)http://semarc/subject/1531 850 $aSeMil 852 $aSeMil$W1$xVenegono$y1$m3GC V 294$j195500$B195500$CSeMilBibl$Z2$F206176 $8B 941 1 $a3 961 $aLascito: Colombo Card. Giovanni 996 $6245$aUn povero grand'uomo (Alessandro Manzoni)$9(OLS)http://semarc/title/240427 996 $6260$aFirenze :$bLibreria Editrice Fiorentina$9(OLS)http://semarc/publisher/30629